<?xml version="1.0" encoding="UTF-8"?>
<record
    xmlns:xsi="http://www.w3.org/2001/XMLSchema-instance"
    xsi:schemaLocation="http://www.loc.gov/MARC21/slim http://www.loc.gov/standards/marcxml/schema/MARC21slim.xsd"
    xmlns="http://www.loc.gov/MARC21/slim">

  <leader>00451nam a2200145 a 4500</leader>
  <controlfield tag="005">20140311130135.0</controlfield>
  <controlfield tag="008">030130s19uu    xx            00    eng d</controlfield>
  <datafield tag="100" ind1=" " ind2=" ">
    <subfield code="a">Bolt, Robert</subfield>
  </datafield>
  <datafield tag="245" ind1=" " ind2=" ">
    <subfield code="a">A Man for all seasons :</subfield>
    <subfield code="b">a play in two acts /</subfield>
    <subfield code="c">Robert Bolt.</subfield>
  </datafield>
  <datafield tag="650" ind1=" " ind2=" ">
    <subfield code="a">More, thomas, Sir Saint</subfield>
    <subfield code="x">1478-1535</subfield>
    <subfield code="x">Drama</subfield>
  </datafield>
  <datafield tag="650" ind1=" " ind2=" ">
    <subfield code="a">Christian saints</subfield>
    <subfield code="x">Drama</subfield>
  </datafield>
  <datafield tag="650" ind1=" " ind2=" ">
    <subfield code="a">Great Britain</subfield>
    <subfield code="x">History--Henry VIII--1509--1547</subfield>
    <subfield code="x">Drama</subfield>
  </datafield>
  <datafield tag="942" ind1=" " ind2=" ">
    <subfield code="c">BK</subfield>
  </datafield>
  <datafield tag="999" ind1=" " ind2=" ">
    <subfield code="c">35496</subfield>
    <subfield code="d">35496</subfield>
  </datafield>
</record>
